00494pab a2200169 454500008004000000100002200040245008100062260000900143300001300152362000800165650003100173650002800204650002600232650001800258700002400276773002400300180718b2017 xxu||||| |||| 00| 0 eng d aNanda Sa, Sachita aGrowth and variability of public health expenditure in EAG states of India  c2017 ap.21-40. aDec aHealth expenditure - India aHealth services - India aPublic health - India aPublic health aGupta, Upama Kumari aMan and Development